Modern digital circuits. (Record no. 545635)
[ view plain ]
| 000 -LEADER | |
|---|---|
| fixed length control field | 00545cam a22001451 4500 |
| 082 ## - DEWEY DECIMAL CLASSIFICATION NUMBER | |
| Classification number | 621.395 |
| Author Mark | MOD |
| -- | L-11, p.130 |
| 245 10 - TITLE STATEMENT | |
| Title | Modern digital circuits. |
| Statement of responsibility, etc. | Samuel Weber, senior editor. |
| 260 ## - PUBLICATION, DISTRIBUTION, ETC. | |
| Place of publication, distribution, etc. | New York, |
| Name of publisher, distributor, etc. | McGraw-Hill |
| Date of publication, distribution, etc. | [c1964] |
| 300 ## - PHYSICAL DESCRIPTION | |
| Extent | x,358p. |
| Other physical details | illus. |
| Dimensions | 29cm. |
| 500 ## - GENERAL NOTE | |
| General note | "The 109 articles making up the book have all appeared in Electronics magazine ... 1961 to 1963." |
| 526 ## - STUDY PROGRAM INFORMATION NOTE | |
| Program name | 0 |
| Interest level | 0 |
| Reading level | 0 |
| Title point value | 621_395000000000000_MOD |
| 650 #0 - SUBJECT ADDED ENTRY--TOPICAL TERM | |
| Topical term or geographic name entry element | Electronic digital computers |
| General subdivision | Circuits. |
| 9 (RLIN) | 36507 |
| 700 1# - ADDED ENTRY--PERSONAL NAME | |
| Personal name | Weber, Samuel, |
| 9 (RLIN) | 41566 |
| 942 ## - ADDED ENTRY ELEMENTS (KOHA) | |
| Source of classification or shelving scheme | |
| Koha item type | Book |
| Withdrawn status | Lost status | Source of classification or shelving scheme | Damaged status | Not for loan | Permanent Location | Current Location | Date acquired | Total Checkouts | Full call number | Barcode | Date last seen | Price effective from | Koha item type |
|---|---|---|---|---|---|---|---|---|---|---|---|---|---|
| Military College of Engineering (MCE) | Military College of Engineering (MCE) | 05/27/2014 | 621.395 MOD | MCE-15856 | 05/27/2014 | 05/27/2014 | Book |
